Elementos de filosofía y cristianismo
Wedi'i Gadw mewn:
| Prif Awdur: | |
|---|---|
| Fformat: | Llyfr |
| Iaith: | Sbaeneg |
| Cyhoeddwyd: |
Pamplona
Eunsa
1992
|
| Rhifyn: | 1a. ed |
| Pynciau: | |
| Tagiau: |
Ychwanegu Tag
Dim Tagiau, Byddwch y cyntaf i dagio'r cofnod hwn!
|
MARC
| LEADER | 00000cam a2200000 a 4500 | ||
|---|---|---|---|
| 001 | UCE8218 | ||
| 003 | CL-VaPUC | ||
| 008 | 150728e19920000sp |||||||||||||||||spa|d | ||
| 020 | |a 8431311622 | ||
| 082 | 0 | 4 | |a 209 |b GAR |2 21 |
| 100 | |a García López, Jesús |e author |9 580950 | ||
| 245 | 1 | 0 | |a Elementos de filosofía y cristianismo |
| 250 | |a 1a. ed | ||
| 300 | |a 127 p | ||
| 942 | |c BK | ||
| 945 | |d 20150728 02:04:00 |a gsalatino | ||
| 260 | |a Pamplona |b Eunsa |c 1992 | ||
| 650 | 0 | |a Filosofía cristiana |9 265980 | |
| 650 | 0 | |a Cristianismo |9 257361 | |
| 583 | |a last modification |c 20150728 02:04:00 |k Rodrigo Vera | ||
| 999 | |c 360157 |d 360155 | ||
| 952 | |0 0 |1 0 |3 erb |4 0 |6 209_000000000000000_GAR_1992 |7 0 |8 A |9 469803 |a BIBTEO |b BIBTEO |e Villagrán Garnham, Jorge |i 5186218 |o 209 GAR 1992 |p 5186218 |r 2025-01-17 |w 2019-11-23 |y BK |z Catalogado en:20150728 |k ICR | ||